00803nam a2200229Ia 4500003000900000008004100009020001800050040001600068080001900084100002400103245006100127260003300188300001600221490006800237650003100305650003300336650003100369650004900400942000700449999001500456952010200471IN-BaIIA211028s9999 xx 000 0 eng d a0-08-017934-7 cIIA Library a523.4-852bSOB aSobolev, V. V93684 0aLight scattering in planetary atmospherescV. V. Sobolev aOxfordbPergamon Pressc1975 axvii, 256p. aInternational series of monographs in natural philosophy; v. 76 a Light scattering 99044 a Planet atmospheres 99045 a Radiative transfer99046 aAstronomy and astrophysics thesaurus 91143 cBK c5080d5080 00104070aBANbBANcGENd1976-11-23l0o523.4-852/ SOBp5675r2021-11-05w1976-11-23yBK 25.00